[Event "Wiesbaden op 24th"]
[Site "Wiesbaden"]
[Date "2012.08.26"]
[Round "7"]
[White "Stecken, Olaf"]
[Black "Mang, Markus"]
[Result "1-0"]
[WhiteElo "1741"]
[BlackElo "1827"]
[PlyCount "34"]
[EventDate "2012.08.23"]
[EventType "swiss"]
[EventRounds "7"]
[EventCountry "GER"]
[SourceTitle "CBM 150 Extra"]
[Source "ChessBase"]
[SourceDate "2012.10.19"]
[SourceVersion "1"]
[SourceVersionDate "2012.10.19"]
[SourceQuality "1"]

1. c4 Nf6 2. g3 c6 3. Bg2 e6 4. Nf3 d5 5. 0-0 Nbd7 6. b3 Be7 7. Bb2 b6 8. Nc3 0-0 9. Qc2 Re8 10. e4 dxe4 11. Nxe4 Nxe4 12. Qxe4 Bb7 13. Rfe1 Nc5 14. Qg4 f6 15. Bc3 e5 16. Nh4 Bc8 17. Nf5 Kh8 1-0

[Event "Rheinland Pfalz op 3rd"]
[Site "Gau Algesheim"]
[Date "2011.08.01"]
[Round "6"]
[White "Lehmann, Tornalf"]
[Black "Stecken, Olaf"]
[Result "1-0"]
[WhiteElo "1637"]
[BlackElo "1764"]
[PlyCount "73"]
[EventDate "2011.07.28"]
[EventType "swiss"]
[EventRounds "7"]
[EventCountry "GER"]
[SourceTitle "EXT 2013"]
[Source "ChessBase"]
[SourceDate "2012.11.22"]
[SourceVersion "1"]
[SourceVersionDate "2012.11.22"]
[SourceQuality "1"]

1. e4 c6 2. d4 d5 3. Nc3 dxe4 4. Nxe4 Bf5 5. Ng3 Bg6 6. h4 h6 7. h5 Bh7 8. Nf3 Nd7 9. Bd3 Bxd3 10. Qxd3 Ngf6 11. Be3 e6 12. 0-0-0 Bd6 13. Ne4 Nxe4 14. Qxe4 Nf6 15. Qd3 0-0 16. Qe2 Qa5 17. Kb1 Nd5 18. c3 Qb6 19. Qd2 Ba3 20. Ka1 Nxe3 21. fxe3 Be7 22. g4 Qa5 23. Rdg1 Bg5 24. Qe1 Rfd8 25. e4 c5 26. Nxg5 hxg5 27. Qe3 f6 28. h6 gxh6 29. Rxh6 Kg7 30. Rgh1 cxd4 31. Rh7+ Kg8 32. Rh8+ Kg7 33. R1h7+ Kg6 34. Rh6+ Kg7 35. R8h7+ Kg8 36. Qh3 Kf8 37. Qh5 1-0

[Event "Rheinland Pfalz op 3rd"]
[Site "Gau Algesheim"]
[Date "2011.07.31"]
[Round "7"]
[White "Stecken, Olaf"]
[Black "Prizker, Angelique"]
[Result "1-0"]
[WhiteElo "1764"]
[BlackElo "1364"]
[PlyCount "75"]
[EventDate "2011.07.28"]
[EventType "swiss"]
[EventRounds "7"]
[EventCountry "GER"]
[SourceTitle "EXT 2013"]
[Source "ChessBase"]
[SourceDate "2012.11.22"]
[SourceVersion "1"]
[SourceVersionDate "2012.11.22"]
[SourceQuality "1"]

1. c4 e5 2. g3 Bc5 3. Bg2 Nc6 4. Nc3 Nge7 5. a3 a5 6. e3 d6 7. Nge2 0-0 8. 0-0 Rb8 9. d4 exd4 10. exd4 Ba7 11. Nb5 Bb6 12. Be3 Nf5 13. Bf4 Na7 14. Nxa7 Bxa7 15. c5 c6 16. Be4 Ra8 17. Qc2 Qf6 18. Be3 d5 19. Bg2 Re8 20. b4 Bb8 21. Qd2 Nxe3 22. fxe3 Qg5 23. Nf4 h5 24. Qf2 axb4 25. Nxd5 f6 26. Nxb4 Rxe3 27. Nc2 Rxg3 28. hxg3 Bxg3 29. Qe2 Qh4 30. Qe8+ Kh7 31. Be4+ f5 32. Bxf5+ Bxf5 33. Qe2 Re8 34. Qd2 Bh3 35. Rf3 Bg4 36. Qd3+ g6 37. Rxg3 Re2 38. Rg2 1-0

[Event "Rheinland Pfalz op 3rd"]
[Site "Gau Algesheim"]
[Date "2011.07.29"]
[Round "2"]
[White "Ramminger, Heinz"]
[Black "Stecken, Olaf"]
[Result "1-0"]
[WhiteElo "1483"]
[BlackElo "1764"]
[PlyCount "153"]
[EventDate "2011.07.28"]
[EventType "swiss"]
[EventRounds "7"]
[EventCountry "GER"]
[SourceTitle "EXT 2013"]
[Source "ChessBase"]
[SourceDate "2012.11.22"]
[SourceVersion "1"]
[SourceVersionDate "2012.11.22"]
[SourceQuality "1"]

1. e4 c6 2. d4 d5 3. exd5 cxd5 4. Nf3 Nf6 5. Be2 Nc6 6. a3 Bg4 7. 0-0 e6 8. c3 Be7 9. Nbd2 0-0 10. h3 Bf5 11. Nh4 Be4 12. f3 Bg6 13. Nxg6 fxg6 14. Bd3 Nh5 15. Nb3 e5 16. Be3 Nf4 17. Bxf4 Rxf4 18. g3 Rf8 19. Kg2 Rc8 20. Re1 exd4 21. Nxd4 Nxd4 22. cxd4 Bd6 23. Re6 Re8 24. Qe2 Rxe6 25. Qxe6+ Kh8 26. Qxd5 Qc7 27. f4 Qc6 28. Qxc6 Rxc6 29. Re1 Rc8 30. Re6 Bf8 31. Kf3 Kg8 32. Re2 Bd6 33. Rc2 Re8 34. Be4 b6 35. Rc6 Bb8 36. d5 Rd8 37. Ke3 Kf8 38. Kd4 g5 39. Ke3 gxf4+ 40. gxf4 h6 41. h4 Kf7 42. h5 Kf8 43. b4 Ke7 44. b5 Bd6 45. a4 Rf8 46. f5 Rd8 47. Rc2 Kf6 48. Rg2 Bc5+ 49. Kd3 Re8 50. Rg6+ Kf7 51. Re6 Rd8 52. Rc6 Rd7 53. Kc4 Bd6 54. Kd4 Kf6 55. Rc2 Kg5 56. f6 Kxf6 57. Bg6 Bc5+ 58. Ke4 Re7+ 59. Kf4 Re5 60. Rxc5 bxc5 61. d6 Rd5 62. d7 Rxd7 63. a5 Rd4+ 64. Ke3 Rb4 65. Be8 c4 66. Kd4 Kg5 67. Kc3 Ra4 68. b6 Rxa5 69. b7 Ra3+ 70. Kxc4 Ra1 71. b8Q Rc1+ 72. Kd3 Rd1+ 73. Ke2 Rh1 74. Qe5+ Kh4 75. Qf4+ Kh3 76. Bd7+ Kg2 77. Qf2# 1-0

[Event "Rheinland Pfalz op 3rd"]
[Site "Gau Algesheim"]
[Date "2011.07.29"]
[Round "3"]
[White "Stecken, Olaf"]
[Black "Lang, Jochen"]
[Result "1-0"]
[WhiteElo "1764"]
[BlackElo "1516"]
[PlyCount "85"]
[EventDate "2011.07.28"]
[EventType "swiss"]
[EventRounds "7"]
[EventCountry "GER"]
[SourceTitle "EXT 2013"]
[Source "ChessBase"]
[SourceDate "2012.11.22"]
[SourceVersion "1"]
[SourceVersionDate "2012.11.22"]
[SourceQuality "1"]

1. c4 Nf6 2. g3 d6 3. Bg2 c6 4. Nc3 g6 5. e4 Nbd7 6. d3 Bg7 7. Nge2 0-0 8. 0-0 Nc5 9. b4 Ncd7 10. Rb1 a6 11. h3 Qc7 12. Be3 b6 13. b5 Bb7 14. bxc6 Bxc6 15. Qd2 Nc5 16. Nd5 Nxd5 17. cxd5 Bb5 18. Rfc1 Qa7 19. d4 Nd3 20. Rc3 Nc5 21. dxc5 Bxc3 22. Qxc3 Bxe2 23. Bh6 f6 24. cxb6 Qb7 25. Bxf8 Rxf8 26. Qc7 Rb8 27. Kh2 Kf7 28. h4 Bb5 29. Bh3 Qxb6 30. Qxb6 Rxb6 31. a4 Rb8 32. axb5 axb5 33. Bd7 b4 34. f4 b3 35. Rb2 Rb4 36. Kg2 Rxe4 37. Rxb3 f5 38. Be6+ Kf6 39. Rb8 Kg7 40. Re8 Kf6 41. Rf8+ Kg7 42. Rf7+ Kh6 43. Rxe7 1-0

[Event "Rheinland Pfalz op 3rd"]
[Site "Gau Algesheim"]
[Date "2011.07.28"]
[Round "1"]
[White "Stecken, Olaf"]
[Black "Spiess, Timo"]
[Result "0-1"]
[WhiteElo "1764"]
[BlackElo "2192"]
[PlyCount "62"]
[EventDate "2011.07.28"]
[EventType "swiss"]
[EventRounds "7"]
[EventCountry "GER"]
[SourceTitle "EXT 2013"]
[Source "ChessBase"]
[SourceDate "2012.11.22"]
[SourceVersion "1"]
[SourceVersionDate "2012.11.22"]
[SourceQuality "1"]

1. c4 f5 2. g3 d6 3. Bg2 e5 4. Nc3 Nf6 5. d3 g6 6. e3 Bg7 7. Nge2 0-0 8. 0-0 Nc6 9. f4 Be6 10. Rb1 a5 11. a3 Qd7 12. b4 axb4 13. axb4 Rab8 14. Bd2 e4 15. Qc2 Ne7 16. Nd4 Bf7 17. Rfc1 c6 18. Nd1 exd3 19. Qxd3 Rfd8 20. Nf2 d5 21. c5 Ne4 22. Bc3 b6 23. Nxe4 dxe4 24. Qc2 Nd5 25. Bd2 Nxe3 26. Bxe3 Bxd4 27. Bxd4 Qxd4+ 28. Kh1 bxc5 29. bxc5 Bd5 30. Rd1 Rxb1 31. Qxb1 Qxc5 0-1

[Event "Rhein Main op-B 14th"]
[Site "Bad Homburg"]
[Date "2011.06.24"]
[Round "4"]
[White "Preiss, Matthias"]
[Black "Stecken, Olaf"]
[Result "0-1"]
[WhiteElo "1446"]
[BlackElo "1764"]
[PlyCount "88"]
[EventDate "2011.06.22"]
[EventType "swiss"]
[EventRounds "7"]
[EventCountry "GER"]
[SourceTitle "EXT 2012"]
[Source "ChessBase"]
[SourceDate "2011.11.24"]
[SourceVersion "1"]
[SourceVersionDate "2011.11.24"]
[SourceQuality "1"]

1. d4 Nf6 2. Nf3 g6 3. Bf4 Bg7 4. Nc3 0-0 5. Qd2 Re8 6. 0-0-0 d6 7. e4 Nc6 8. h3 a6 9. g4 b5 10. a3 Bb7 11. Rg1 b4 12. axb4 Nxb4 13. Bd3 Nxd3+ 14. Qxd3 c5 15. dxc5 dxc5 16. e5 Qxd3 17. Rxd3 Ne4 18. Nxe4 Bxe4 19. Re3 Bc6 20. Nd2 Red8 21. h4 Rd4 22. Bg5 f6 23. Nb3 Ra4 24. exf6 exf6 25. Re6 Bd5 26. Ree1 fxg5 27. Nxc5 Ra1+ 28. Kd2 Rxe1 29. Rxe1 gxh4 30. c3 h3 31. Kd3 h2 32. Ne4 Rf8 33. Rh1 Bxe4+ 34. Kxe4 Rxf2 35. b3 Bxc3 36. Kd3 Be5 37. Kc4 Rg2 38. Re1 Rg1 39. Rxe5 h1Q 40. g5 Rg4+ 41. Kc5 Qc1+ 42. Kb6 Rb4+ 43. Kxa6 Qc6+ 44. Ka5 Qb6# 0-1

[Event "Rhein Main op-B 14th"]
[Site "Bad Homburg"]
[Date "2011.06.23"]
[Round "2"]
[White "Barisch, Florian"]
[Black "Stecken, Olaf"]
[Result "1/2-1/2"]
[WhiteElo "1981"]
[BlackElo "1764"]
[PlyCount "80"]
[EventDate "2011.06.22"]
[EventType "swiss"]
[EventRounds "7"]
[EventCountry "GER"]
[SourceTitle "EXT 2012"]
[Source "ChessBase"]
[SourceDate "2011.11.24"]
[SourceVersion "1"]
[SourceVersionDate "2011.11.24"]
[SourceQuality "1"]

1. d4 Nf6 2. c4 g6 3. Nc3 Bg7 4. e4 d6 5. f3 0-0 6. Be3 Nc6 7. Nge2 a6 8. Qd2 Rb8 9. Bh6 b5 10. cxb5 axb5 11. h4 e5 12. d5 Na5 13. b3 c6 14. Bxg7 Kxg7 15. dxc6 Nxc6 16. Rd1 Be6 17. h5 Rh8 18. h6+ Kf8 19. Qxd6+ Qxd6 20. Rxd6 Ne7 21. Nc1 b4 22. Nb5 Ne8 23. Rd2 f5 24. Nd6 Nxd6 25. Rxd6 Kf7 26. Nd3 Rhd8 27. Rxd8 Rxd8 28. Nxe5+ Kf6 29. Nc4 fxe4 30. fxe4 Ra8 31. Bd3 Rxa2 32. 0-0+ Kg5 33. Rf8 Nc6 34. Re8 Bg4 35. Ne3 Bd7 36. Rf8 Kxh6 37. Nc4 Kg7 38. Rf1 Nd4 39. Rb1 Bc6 40. Ne5 Bb7 1/2-1/2

[Event "Rhein Main op-B 14th"]
[Site "Bad Homburg"]
[Date "2011.06.23"]
[Round "3"]
[White "Stecken, Olaf"]
[Black "Stein, Daniel"]
[Result "1/2-1/2"]
[WhiteElo "1764"]
[BlackElo "1252"]
[PlyCount "78"]
[EventDate "2011.06.22"]
[EventType "swiss"]
[EventRounds "7"]
[EventCountry "GER"]
[SourceTitle "EXT 2012"]
[Source "ChessBase"]
[SourceDate "2011.11.24"]
[SourceVersion "1"]
[SourceVersionDate "2011.11.24"]
[SourceQuality "1"]

1. c4 c5 2. g3 g6 3. Bg2 Bg7 4. Nc3 Nc6 5. a3 e6 6. e3 Nge7 7. Nge2 a6 8. 0-0 Rb8 9. d4 cxd4 10. exd4 d5 11. cxd5 Nxd5 12. Nxd5 exd5 13. Bf4 Ra8 14. Rc1 Be6 15. h3 Qd7 16. Kh2 Rc8 17. Qd2 0-0 18. Bh6 Ne7 19. Bxg7 Kxg7 20. Rc3 Rxc3 21. Nxc3 b5 22. b4 Rc8 23. Re1 Rc4 24. Rc1 Qc6 25. Bf1 Qd7 26. Bxc4 dxc4 27. h4 Nd5 28. Ne4 Qc6 29. Nc3 Nxc3 30. Rxc3 Qd5 31. Qe3 Qf5 32. Qe5+ Qxe5 33. dxe5 Bf5 34. Re3 Kf8 35. Kg2 Ke7 36. Kf3 Ke6 37. Ke2 Kd5 38. Kd2 Kd4 39. f4 h5 1/2-1/2

[Event "Karl Mala Memorial op 13th"]
[Site "Frankfurt"]
[Date "2010.07.10"]
[Round "4"]
[White "Bittner, Deniz"]
[Black "Stecken, Olaf"]
[Result "1-0"]
[WhiteElo "1151"]
[BlackElo "1778"]
[PlyCount "101"]
[EventDate "2010.07.08"]
[EventType "swiss"]
[EventRounds "7"]
[EventCountry "GER"]
[SourceTitle "EXT 2012"]
[Source "ChessBase"]
[SourceDate "2011.11.24"]
[SourceVersion "1"]
[SourceVersionDate "2011.11.24"]
[SourceQuality "1"]

1. e4 c6 2. d4 d5 3. exd5 cxd5 4. Nc3 Nf6 5. Nf3 Bg4 6. Be2 Nc6 7. h3 Bh5 8. Bf4 a6 9. Ne5 Bxe2 10. Nxe2 e6 11. c3 Bd6 12. Qb3 0-0 13. 0-0 Qc7 14. Nxc6 bxc6 15. Bxd6 Qxd6 16. Ng3 Rfb8 17. Qc2 Rb6 18. Rfe1 Rab8 19. Rab1 c5 20. dxc5 Qxc5 21. Red1 g6 22. Qe2 Qc7 23. h4 h5 24. Rd2 a5 25. Nf1 Ne4 26. Rc2 a4 27. c4 Rc6 28. Rbc1 Rc8 29. b3 axb3 30. axb3 Nf6 31. Qf3 Kg7 32. Ne3 dxc4 33. Rxc4 Rxc4 34. Rxc4 Qb8 35. Rf4 Rc1+ 36. Kh2 Qd8 37. g4 Qe7 38. g5 Nd7 39. Nc4 e5 40. Re4 f5 41. gxf6+ Qxf6 42. Qe3 Rf1 43. Kg2 Rb1 44. Nxe5 Nxe5 45. Rxe5 Qxh4 46. Re7+ Kf8 47. Re8+ Kf7 48. Qe6+ Kg7 49. Qg8+ Kf6 50. Qf8+ Kg5 51. Re5+ 1-0

[Event "Rhein Main op 12th"]
[Site "Bad Homburg"]
[Date "2009.06.14"]
[Round "7"]
[White "Risius, Philipp"]
[Black "Stecken, Olaf"]
[Result "1-0"]
[WhiteElo "1773"]
[BlackElo "1270"]
[PlyCount "93"]
[EventDate "2009.06.10"]
[EventType "swiss"]
[EventRounds "7"]
[EventCountry "GER"]
[SourceTitle "CBM 131 Extra"]
[Source "ChessBase"]
[SourceDate "2009.09.03"]
[SourceVersion "2"]
[SourceVersionDate "2009.09.16"]
[SourceQuality "1"]

1. d4 Nf6 2. Nf3 g6 3. Bf4 Bg7 4. e3 d6 5. h3 0-0 6. Bd3 Nc6 7. c3 Re8 8. Nbd2 e5 9. Bg5 h6 10. Bxf6 Bxf6 11. 0-0 Bg7 12. Qb3 Na5 13. Qc2 f5 14. dxe5 dxe5 15. Qa4 c6 16. Be2 b5 17. Qc2 Be6 18. Rad1 Qc7 19. b4 Nb7 20. c4 Qb6 21. c5 Qc7 22. Nb3 Rad8 23. Nc1 Rd7 24. Rxd7 Qxd7 25. Rd1 Qc7 26. a4 a6 27. axb5 axb5 28. Nb3 Ra8 29. Ra1 Rxa1+ 30. Nxa1 e4 31. Nd4 Bd5 32. Qd1 f4 33. Nxb5 cxb5 34. Qxd5+ Kh7 35. Nc2 fxe3 36. Nxe3 Bf8 37. Bxb5 Qe7 38. Qd7 Qxd7 39. Bxd7 Nxc5 40. bxc5 Bxc5 41. Bc6 Kg7 42. Bxe4 g5 43. Kf1 Kf6 44. Ke2 Ke5 45. Bf3 Kf4 46. g3+ Ke5 47. Ng4+ 1-0

[Event "Rhein Main op 12th"]
[Site "Bad Homburg"]
[Date "2009.06.13"]
[Round "5"]
[White "Vogel, Wilfrid"]
[Black "Stecken, Olaf"]
[Result "1-0"]
[WhiteElo "1673"]
[BlackElo "1270"]
[PlyCount "63"]
[EventDate "2009.06.10"]
[EventType "swiss"]
[EventRounds "7"]
[EventCountry "GER"]
[SourceTitle "CBM 131 Extra"]
[Source "ChessBase"]
[SourceDate "2009.09.03"]
[SourceVersion "2"]
[SourceVersionDate "2009.09.16"]
[SourceQuality "1"]

1. d4 d5 2. c4 c6 3. Nc3 e6 4. Nf3 Nd7 5. cxd5 exd5 6. Qc2 Ngf6 7. Bg5 Be7 8. e3 h6 9. Bh4 Nh5 10. Bxe7 Qxe7 11. Be2 Nhf6 12. 0-0 0-0 13. Rac1 Re8 14. Bd3 Ne4 15. Rce1 Ndf6 16. Ne5 Nxc3 17. bxc3 Ne4 18. f3 Ng5 19. e4 dxe4 20. fxe4 Be6 21. Rf2 Rf8 22. Ref1 Rac8 23. Nf3 Rc7 24. Qd2 Nxf3+ 25. Rxf3 Qe8 26. Rg3 Kh8 27. Rf6 Qe7 28. Rxh6+ Kg8 29. e5 f5 30. Qe2 Qe8 31. Rxe6 Qxe6 32. Bc4 1-0